Štúdium správania sa hovädzích histónov H1 a H3 na ortuťovej elektróde

Salvato in:
Dettagli Bibliografici
Autore principale: Melníková, Eva (Autore)
Altri autori: Gál, Miroslav (Relatore della tesi)
Natura: Manoscritto Libro
Lingua:slovacco
Pubblicazione: 2018
Soggetti:
Accesso online:http://is.stuba.sk/zp/portal_zp.pl?podrobnosti=136342
Tags: Aggiungi Tag
Nessun Tag, puoi essere il primo ad aggiungerne!!

MARC

LEADER 00000ntm a22000003a 4500
001 stuzp69453
003 SK-STU
005 20180602211022.7
007 ta
008 150427s2015----xo-----f-mn---000-0-slo-d
040 |a STU  |b slo 
041 0 |a slo 
100 1 |a Melníková, Eva  |u 042120  |4 aut  |U FCHPT Ústav anorganickej chémie, technológie a materiálov  |T FCHPT Oddelenie anorganickej technológie  |X 65856  |U C2120  |Y 111  |7 65856 
242 0 1 |a Characterization of bovine histones H1 and H3 at mercury electrode  |y eng 
245 1 0 |a Štúdium správania sa hovädzích histónov H1 a H3 na ortuťovej elektróde 
260 |c 2018 
650 4 |a histón  |2 slo 
650 4 |a chronopotenciometria konštantným prúdom  |2 slo 
650 4 |a elektrochemická impedančná spektroskopia  |2 slo 
650 4 |a elektrochémia  |2 slo 
650 4 |a histone  |2 eng 
650 4 |a chronopotenctiometric stripping analysis by constant current  |2 eng 
650 4 |a electrochemistry  |2 eng 
650 4 |a electrochemical impedance spectroscopy  |2 eng 
700 1 |a Gál, Miroslav  |u 042120  |k Z1  |4 ths  |U FCHPT Ústav anorganickej chémie, technológie a materiálov  |T FCHPT Oddelenie anorganickej technológie  |X 70968  |U C2120  |Y 111  |7 A0000070968 
856 4 |u http://is.stuba.sk/zp/portal_zp.pl?podrobnosti=136342